000 00635cam a22002051 4500
001 ne 67001466
003 DLC
005 20260227111834.0
008 830921s1966 le 000 0 arar
010 _ane 67001466
035 _a(OCoLC)9929707
040 _aDLC
_cTU
_dTU
_dDLC
042 _apremarc
050 0 0 _aAC106
_b.S4
100 1 _aChihabi, Moustapha.
245 1 3 _aal-Shadharāt,
_bmaqālāt wa-muḥāḍarāt fī al-adab wa-al-ʻilm wa-al-falsafah.
_cbi-Qalam Muṣṭafā al-Shihābī.
260 _aBayrūt,
_bDār al-Kitāb al-Jadīd
_c[al-muqaddimah 1966]
300 _a320 p.
_c25 cm.
650 0 _aArabic literature.
999 _c49754
_d49754